[Event "Groningen op"]
[Site "Groningen"]
[Date "1998.12.20"]
[Round "11"]
[White "Miton, Kamil"]
[Black "Kempinski, Robert"]
[Result "1/2-1/2"]
[WhiteElo "2415"]
[BlackElo "2545"]

1.d4 Nf6 2.c4 g6 3.Nc3 Bg7 4.e4 O-O 5.Be2 d6 6.Nf3 Na6 7.O-O e5 8.Bg5 Qe8
9.Bxf6 Bxf6 10.c5 Nb4 11.dxe5 dxe5 12.a3 Nc6 13.Nd5 Qd8 14.Qb3 Bg7 15.Rad1 Nd4
16.Nxd4 exd4 17.Qg3 Bd7 18.Bg4 Bxg4 19.Qxg4 Re8 20.Rfe1 f5 21.Qf3 c6 22.Nf4 Qe7
23.e5 Qxc5 24.Qb3+ Kh8 25.Ne6 Qe7 26.Nxd4 Rad8 27.Nf3 Rxd1 28.Qxd1 Rd8 29.Qa4 g5
30.h3 b5 31.Qa5 h6 32.Qc3 c5 33.Qa5 Rb8 34.Qa6 Kh7 35.Qc6 b4 36.Rd1 bxa3  1/2-1/2

[Event "Carlos Torre op 11th"]
[Site "Merida"]
[Date "1998.12.20"]
[Round "7"]
[White "Amura, Claudia Noemi"]
[Black "Hernandez, Gilberto"]
[Result "0-1"]
[WhiteElo "2350"]
[BlackElo "2520"]

1.d4 d6 2.Nf3 Nf6 3.c4 g6 4.Nc3 Bg7 5.e4 O-O 6.Be2 e5 7.O-O Na6 8.Re1 exd4
9.Nxd4 Re8 10.f3 Nc5 11.Be3 c6 12.Bf1 a5 13.Qc2 Nfd7 14.Rad1 a4 15.Nde2 Qa5
16.Rxd6 Ne5 17.b3 axb3 18.axb3 Qa3 19.Red1 Qxb3 20.Qxb3 Nxb3 21.Nc1 Na5 22.Rd8 Be6
23.Rxe8+ Rxe8 24.c5 Nxf3+ 25.gxf3 Bxc3 26.Ne2 Bf6 27.Nf4 Bc4 28.Rd7 Bxf1
29.Kxf1 Bg5 30.Ng2 Bxe3 31.Nxe3 f5 32.Rd4 fxe4 33.fxe4 Nb3 34.Rb4 Nxc5 35.Ng4 Kg7
36.Nf2 Rf8 37.Rd4 Kf6 38.Ke2 Ke6 39.Ke3 Ra8  0-1

[Event "Skopje op"]
[Site "Skopje"]
[Date "1998.12.20"]
[Round "9"]
[White "Colovic, Aleksandar"]
[Black "Dancevski, Orce"]
[Result "1/2-1/2"]
[WhiteElo "2390"]
[BlackElo "2405"]

1.Nf3 Nf6 2.c4 g6 3.Nc3 Bg7 4.d4 O-O 5.e4 d6 6.Be2 e5 7.O-O Nh5 8.g3 Bg4
9.Be3 Nd7 10.Re1 f5 11.exf5 gxf5 12.dxe5 dxe5  1/2-1/2

[Event "ROM-ch"]
[Site "Bucuresti"]
[Date "1998.12.22"]
[Round "14"]
[White "Itkis, Boris"]
[Black "Grigore, George"]
[Result "1/2-1/2"]
[WhiteElo "2465"]
[BlackElo "2475"]

1.d4 Nf6 2.Nf3 g6 3.c4 Bg7 4.Nc3 O-O 5.e4 d6 6.Be2 Na6 7.O-O e5 8.Be3 Ng4
9.Bg5 f6 10.Bc1 Nh6 11.Re1 Nf7 12.Rb1 f5 13.dxe5 dxe5 14.b4 c6 15.c5 Nc7
16.Bc4 Be6 17.Qb3 Qe7 18.Bb2 Rad8 19.Rbd1 Bxc4 20.Qxc4 Qe6 21.Qxe6 Nxe6 22.Kf1 Nf4
23.Rxd8 Rxd8 24.Rd1 Rxd1+ 25.Nxd1  1/2-1/2

[Event "Oxford IM"]
[Site "Oxford"]
[Date "1998.12.22"]
[Round "8"]
[White "Sheldon, Ruth"]
[Black "Hunt, Adam"]
[Result "1-0"]
[WhiteElo "2220"]
[BlackElo "2265"]

1.d4 Nf6 2.c4 g6 3.Nc3 Bg7 4.e4 d6 5.Be2 O-O 6.Nf3 e5 7.d5 a5 8.Bg5 h6 9.Bh4 Na6
10.Nd2 Qe8 11.O-O Bd7 12.Kh1 Nh7 13.a3 h5 14.f3 Bh6 15.b3 Be3 16.Qc2 g5 17.Bf2 Bxf2
18.Rxf2 f5 19.exf5 Bxf5 20.Bd3 Bxd3 21.Qxd3 Nc5 22.Qc2 h4 23.Raf1 Qh5 24.b4 axb4
25.axb4 Na6 26.Qb1 Rf4 27.Nce4 Raf8 28.h3 Nf6 29.Nxf6+ R4xf6 30.Ne4 Rf4 31.c5 Qg6
32.Kg1 Rd8 33.Qb3 Kh8 34.Ra1 Qg8 35.Rd1 dxc5 36.bxc5 Rxe4 37.fxe4 Nxc5 38.Qc3 Nd7
39.Qxc7 Qe8 40.Rdf1 Rc8 41.Qd6  1-0

[Event "Groningen op"]
[Site "Groningen"]
[Date "1998.12.26"]
[Round "6"]
[White "Ernst, Sipke"]
[Black "Kempinski, Robert"]
[Result "1-0"]
[WhiteElo "2420"]
[BlackElo "2545"]

1.Nf3 Nf6 2.c4 g6 3.Nc3 Bg7 4.e4 O-O 5.d4 d6 6.Be2 Na6 7.O-O e5 8.Be3 Ng4
9.Bg5 Qe8 10.dxe5 h6 11.Bc1 dxe5 12.h3 Nf6 13.Be3 b6 14.a3 Bb7 15.Qc2 Nh5
16.Rfe1 Nf4 17.Bf1 Rd8 18.b4 Ne6 19.Rad1 Rxd1 20.Qxd1 f5 21.Bc1 fxe4 22.Nxe4 Qa8
23.Qd7 Nf4 24.Bxf4 Rxf4 25.Qe6+ Kh8 26.Bd3 Rxe4 27.Bxe4 Bxe4 28.Nxe5 Bc2
29.Nxg6+ Kh7 30.Ne7 Qe8 31.c5 Nb8 32.cxb6 cxb6 33.Qc4 Bg6 34.Re6 b5 35.Qe2 Bb1
36.Nf5 Qd8 37.Nxg7 Kxg7 38.Re8  1-0

[Event "Trinec op"]
[Site "Trinec"]
[Date "1998.12.27"]
[Round "2"]
[White "Neumann, Peter"]
[Black "Hanko, Pavel"]
[Result "1/2-1/2"]
[WhiteElo "2360"]
[BlackElo "2245"]

1.d4 Nf6 2.c4 g6 3.Nc3 Bg7 4.e4 d6 5.Nf3 O-O 6.Be2 e5 7.Be3 Ng4 8.Bg5 f6
9.Bc1 c6 10.O-O f5 11.exf5 gxf5 12.h3 exd4 13.Nxd4 Ne5 14.f4 Nf7 15.Be3 Na6
16.Qc2 Qf6 17.Rad1 Bd7 18.Rfe1 Rae8 19.Bf2 Nc5 20.Bf1 Ne4 21.Nxe4 fxe4 22.Rxe4 c5
23.Rxe8 Rxe8 24.Nb5 Qxf4 25.Nc7 Re5 26.Nd5 Qg5 27.Qb3 Bc6 28.Rd3 Bxd5 29.cxd5 Qe7
30.Qa4 a6 31.Qd1 Re4 32.b3 Ne5 33.Rg3 Rf4 34.Be3 Rf7 35.Bg5 Qd7 36.Be2 Qf5
37.Bh5 Qf2+ 38.Kh2 Ng6 39.Bxg6 hxg6 40.Be3 Qf5 41.Kg1 Qe4 42.Bf2 Be5 43.Rg4 Rf4
44.Rxf4 Qxf4 45.g3 Qf5 46.Kg2 Qe4+ 47.Qf3 Qc2 48.Qg4 Bd4  1/2-1/2

[Event "Eastern op"]
[Site "Washington DC"]
[Date "1998.12.27"]
[Round "4"]
[White "Formanek, Edward W"]
[Black "Castaneda, Nelson"]
[Result "0-1"]
[WhiteElo "2295"]
[BlackElo "2365"]

1.d4 Nf6 2.c4 g6 3.Nc3 Bg7 4.e4 d6 5.Nf3 O-O 6.Be2 e5 7.dxe5 dxe5 8.Qxd8 Rxd8
9.Bg5 Nbd7 10.O-O-O Rf8 11.Nd5 c6 12.Ne7+ Kh8 13.Nxc8 Raxc8 14.Rd6 Nc5 15.Bxf6 Bxf6
16.Re1 Nxe4 17.Rd7 Nc5 18.Rdd1 Rcd8 19.Kc2 a5 20.Bf1 Rxd1 21.Rxd1 Kg7 22.Re1 Re8
23.Nd2 e4 24.b3 Bd4 25.f3 Bf2 26.Re2 e3 27.Ne4 Nxe4 28.fxe4 Rxe4 29.g3 Rd4
30.Bg2 Kf6 31.Bf3 Ke5 32.Kc3 h5 33.a3 h4 34.b4 hxg3 35.hxg3 a4 36.c5 f5 37.Kc2 g5
38.Kc3 g4 39.Bg2 Rd1 40.b5 Rc1+ 41.Kb4 Kd4  0-1

[Event "Rilton Cup 9899"]
[Site "Stockholm"]
[Date "1998.12.28"]
[Round "1"]
[White "Sjodin, Bengt"]
[Black "Cramling, Pia"]
[Result "0-1"]
[WhiteElo "2175"]
[BlackElo "2505"]

1.d4 Nf6 2.Nf3 g6 3.c4 Bg7 4.Nc3 O-O 5.e4 d6 6.Be2 Na6 7.O-O e5 8.dxe5 dxe5
9.Be3 Ng4 10.Bg5 f6 11.Bd2 Nh6 12.Qc1 Nf7 13.Rd1 c6 14.Rb1 Qe7 15.Na4 f5
16.Ng5 f4 17.Nxf7 Qxf7 18.b4 Nc7 19.Nc5 Ne6 20.Nb3 Nd4 21.Nxd4 exd4 22.Rb3 Be6
23.Ra3 Be5 24.Be1 g5 25.g4 h5 26.f3 hxg4 27.fxg4 Qh7 28.Bf3 Rfd8 29.Ra5 Qg7
30.Rd3 b6 31.Ra6 Qf7 32.Rda3 Bxc4 33.Rxa7 Rxa7 34.Rxa7 Qxa7 35.Qxc4+ Kg7
36.Qe6 Qc7 37.h4 Rf8 38.hxg5 Qd6 39.Qb3 d3  0-1

[Event "Trinec op"]
[Site "Trinec"]
[Date "1998.12.28"]
[Round "3"]
[White "Frolik, Martin"]
[Black "Neumann, Peter"]
[Result "1/2-1/2"]
[WhiteElo "2255"]
[BlackElo "2360"]

1.d4 Nf6 2.c4 g6 3.Nc3 Bg7 4.Nf3 O-O 5.e4 d6 6.Be2 e5 7.O-O Na6 8.Be3 Ng4
9.Bg5 Qe8 10.d5 f5 11.Ne1 Nf6 12.f3 h6 13.Be3 f4 14.Bf2 g5 15.Nd3 Qg6 16.c5 g4
17.fxg4 Nxg4 18.cxd6 cxd6 19.Bf3 Bf6 20.Nb5 Bd8 21.Kh1 Bd7 22.a4 Nc7 23.Nxc7 Bxc7
24.Qb3 Nxf2+  1/2-1/2

[Event "Trinec op"]
[Site "Trinec"]
[Date "1998.12.28"]
[Round "3"]
[White "Hanko, Pavel"]
[Black "Hagarova, Zuzana"]
[Result "1-0"]
[WhiteElo "2245"]
[BlackElo "2335"]

1.d4 Nf6 2.Nf3 g6 3.c4 Bg7 4.Nc3 d6 5.e4 O-O 6.Be2 e5 7.Be3 Ng4 8.Bg5 f6
9.Bc1 Na6 10.O-O c6 11.h3 Nh6 12.Be3 Qe8 13.dxe5 dxe5 14.b4 f5 15.b5 f4 16.Bc1 Nc7
17.Ba3 Rf7 18.Bd6 Rd7 19.c5 Nf7 20.Qb3 Kh8 21.Rfd1 Ne6 22.Bc4 Nd4 23.Nxd4 Nxd6
24.bxc6 bxc6 25.Nxc6 Nxc4 26.Qxc4 Rxd1+ 27.Rxd1 Bxh3 28.gxh3 Qxc6 29.Rd6 Qc8
30.Qd5 Qf8 31.c6 Qe7 32.c7 Rf8 33.Qc6 Qg5+ 34.Kf1 f3 35.c8=Q Qg2+ 36.Ke1 Qg1+
37.Kd2 Qxf2+ 38.Kc1 Bh6+ 39.Kb1 Qe3 40.Qxf8+ Bxf8 41.Rd8 Qf4 42.Qc5 Kg7 43.Qxa7+ Kh6
44.Qf2 Bb4 45.Rd3  1-0

[Event "Rilton Cup 9899"]
[Site "Stockholm"]
[Date "1998.12.29"]
[Round "2"]
[White "Paasikangas, Johanna"]
[Black "Conquest, Stuart"]
[Result "0-1"]
[WhiteElo "2265"]
[BlackElo "2490"]

1.d4 Nf6 2.c4 g6 3.Nc3 Bg7 4.e4 d6 5.Nf3 O-O 6.Be2 Na6 7.O-O e5 8.d5 Nc5
9.Qc2 a5 10.Bg5 h6 11.Bh4 g5 12.Bg3 Nh5 13.Na4 Nxa4 14.Qxa4 Nf4 15.Bd1 h5
16.Qc2 h4 17.Bxf4 exf4 18.Ne1 Qf6 19.Rb1 Re8 20.f3 Qd4+ 21.Kh1 f5 22.exf5 Qe3
23.h3 Re5 24.Qb3 Bxf5 25.Qxe3 Rxe3 26.Bc2 Bxc2 27.Nxc2 Re2 28.Rfc1 a4 29.a3 Rae8
30.b3 axb3 31.Rxb3 Rxc2  0-1

[Event "Trinec op"]
[Site "Trinec"]
[Date "1998.12.29"]
[Round "4"]
[White "Hanko, Pavel"]
[Black "Babula, Milan"]
[Result "0-1"]
[WhiteElo "2245"]
[BlackElo "2325"]

1.d4 Nf6 2.Nf3 g6 3.c4 Bg7 4.Nc3 O-O 5.e4 d6 6.Be2 e5 7.Be3 Ng4 8.Bg5 f6
9.Bc1 Nc6 10.d5 Ne7 11.h3 Nh6 12.g4 Nf7 13.Rg1 c6 14.h4 cxd5 15.exd5 a6 16.a4 f5
17.gxf5 Bxf5 18.Bd3 Rc8 19.h5 Qd7 20.Qe2 Bg4 21.hxg6 Nxg6 22.Be4 Rc7 23.b3 Nf4
24.Qc2 h6 25.Bh7+ Kh8 26.Nh4 Bf6 27.Ng6+ Nxg6 28.Qxg6 Bg5 29.Bxg5 Nxg5 30.Qxh6 Nxh7
31.Rh1 Qg7 32.Ne4 Qxh6 33.Rxh6 Rd7 34.Nxd6 Kg7 35.Rh4 Rf4 36.c5 Nf6 37.Nc4 Rxd5
38.b4 Rxc4 39.f3 Rxb4 40.fxg4 Rxg4 41.Rxg4+ Nxg4 42.Rb1 Rxc5 43.Rxb7+ Kf6
44.Rb6+ Kf5 45.Rxa6 Kf4 46.Ra8 Ke3 47.Kf1 Rc2 48.Rh8 Nh2+ 49.Kg1 Nf3+ 50.Kh1 Kf2
51.Rc8 Rxc8  0-1

[Event "Ambassador op"]
[Site "Bern"]
[Date "1998.12.30"]
[Round "7"]
[White "Huss, Andreas"]
[Black "Barbero, Gerardo F"]
[Result "1/2-1/2"]
[WhiteElo "2355"]
[BlackElo "2415"]

1.d4 Nf6 2.Nf3 g6 3.c4 Bg7 4.Nc3 O-O 5.e4 d6 6.Be2 Nbd7 7.O-O e5 8.d5 Nc5
9.Qc2 a5 10.Bg5 h6 11.Be3 Qe7 12.Nd2 Ne8 13.a3 a4 14.Bxc5 dxc5 15.Nxa4 Bd7
16.Nc3 f5 17.b4 Nf6 18.Bd3 Nh5 19.bxc5 Qxc5 20.a4 Nf4 21.Rfd1 Nxd3 22.Qxd3 Qxf2+
23.Kxf2 fxe4+ 24.Ke3 exd3 25.Nde4 b6 26.Kxd3 Rf4 27.Ke3 Bf8 28.g3 Rf7 29.d6 Be6
30.Nd5 cxd6 31.Nxb6 Ra6 32.a5 Rfa7 33.Nxd6 Rxa5 34.Rxa5 Rxa5 35.Ne4 Bf5 36.g4 Be6
37.h3 Kg7 38.Rd3 Ra1 39.c5 Re1+ 40.Kf3 Rc1 41.Nd7 Be7 42.Nxe5 Bxc5 43.Nxc5 Rxc5  1/2-1/2

[Event "Groningen op"]
[Site "Groningen"]
[Date "1998.12.30"]
[Round "10"]
[White "Handke, Florian"]
[Black "Socko, Bartosz"]
[Result "0-1"]
[WhiteElo "2310"]
[BlackElo "2475"]

1.d4 Nf6 2.c4 g6 3.Nc3 Bg7 4.e4 d6 5.Be2 O-O 6.Nf3 e5 7.d5 Nbd7 8.Bg5 h6
9.Bh4 g5 10.Bg3 Nh5 11.h4 g4 12.Nh2 f5 13.exf5 Nxg3 14.fxg3 Nc5 15.O-O h5
16.b4 Na6 17.Rb1 Bxf5 18.Bd3 e4 19.Nxe4 Qe7 20.Rxf5 Rxf5 21.b5 Nb8 22.Ng5 Rxg5
23.hxg5 Nd7 24.Bf5 Nc5 25.Qd2 Qe5 26.Bg6 Ne4 27.Bxe4 Qxe4 28.Qe1 Re8 29.Qxe4 Rxe4
30.Rc1 Re2 31.a4 Bb2 32.Rb1 Rc2 33.Nf1 Bd4+ 34.Kh2 Rxc4 35.Nd2 Rxa4 36.Re1 Be5
37.Ne4 Kg7 38.Nc5 Ra3 39.Ne6+ Kg6 40.Rc1 Rxg3 41.Kg1 h4 42.Kf2 h3 43.gxh3 gxh3
44.Nxc7 h2 45.Ne6 Rb3  0-1

[Event "Rilton Cup 9899"]
[Site "Stockholm"]
[Date "1998.12.31"]
[Round "4"]
[White "Gleizerov, Evgeny"]
[Black "Seeman, Tarvo"]
[Result "1/2-1/2"]
[WhiteElo "2535"]
[BlackElo "2475"]

1.d4 Nf6 2.c4 g6 3.Nc3 Bg7 4.e4 d6 5.Nf3 O-O 6.Be2 e5 7.O-O Nh5 8.Bg5 f6
9.Be3 Nf4 10.c5 Nxe2+ 11.Qxe2 exd4 12.Nxd4 dxc5 13.Qc4+ Rf7 14.Qxc5 c6 15.Qc4 Qe8
16.Rae1 b5 17.Qb3 a5 18.f4 Na6 19.Qc2 Bd7 20.Nb3  1/2-1/2

[Event "AUT-chT2O 9798"]
[Site "Austria"]
[Date "1998.??.17"]
[Round "8"]
[White "Weissenbeck, Manuel"]
[Black "Boehm, Hermann"]
[Result "1/2-1/2"]
[WhiteElo "2185"]
[BlackElo "2175"]

1.d4 Nf6 2.Nf3 g6 3.c4 Bg7 4.Nc3 O-O 5.e4 d6 6.Be2 Nbd7 7.O-O e5 8.d5 Nc5
9.Qc2 a5 10.Ne1 Ne8 11.Nd3 f5 12.f3  1/2-1/2

[Event "UKR-chT"]
[Site "Alushta"]
[Date "1998.??.??"]
[Round "?"]
[White "Savchenko, Stanislav"]
[Black "Khomyakov, Vladimir"]
[Result "1/2-1/2"]
[WhiteElo "2595"]
[BlackElo "2340"]

1.Nf3 Nf6 2.c4 g6 3.Nc3 Bg7 4.e4 d6 5.d4 O-O 6.Be2 Na6 7.O-O e5 8.Be3 Ng4
9.Bg5 Qe8 10.dxe5 dxe5 11.h3 h6 12.Bd2 Nf6 13.Be3 Qe7 14.Nd5 Qd8 15.Nxf6+ Qxf6
16.c5 Nb8 17.b4 Nc6 18.a3 Rd8 19.Qc2 Be6 20.Rad1 a6 21.Qc1 g5 22.Rxd8+ Rxd8
23.Rd1 Nd4 24.Bxd4 exd4 25.e5 Qe7 26.Qc2 c6  1/2-1/2

[Event "BEL-chT 9798"]
[Site "Antwerp"]
[Date "1998.??.??"]
[Round "11"]
[White "Grooten, Herman"]
[Black "Golubev, Mihail"]
[Result "0-1"]
[WhiteElo "2395"]
[BlackElo "2510"]

1.d4 d6 2.Nf3 Nf6 3.c4 g6 4.Nc3 Bg7 5.e4 O-O 6.Be2 e5 7.Be3 Nbd7 8.O-O Qe7
9.dxe5 dxe5 10.Nd5 Qd8 11.Nd2 c6 12.Nc3 Qe7 13.Qa4 h5 14.f3 h4 15.Rfd1 Nh5
16.c5 Nf4 17.g3 hxg3 18.hxg3 Nxc5 19.Qa3 Qg5 20.Nf1 Nce6 21.Bc4 Nh3+ 22.Kh1 Qh5
23.Nh2 Nd4 24.g4 Qh4 25.Rd2 Bh6 26.Ne2 b5 27.Rxd4 exd4 28.Bxd4 bxc4 29.Qd6 Bg7
30.e5 Be6 31.Kg2 Rad8 32.Qc5 Rd5  0-1

[Event "AUT-chT2W 9798"]
[Site "Austria"]
[Date "1998.??.??"]
[Round "9"]
[White "Riediger, Martin"]
[Black "Netolitzky, Gregor"]
[Result "1/2-1/2"]
[WhiteElo "2235"]
[BlackElo "2225"]

1.Nf3 Nf6 2.c4 g6 3.Nc3 Bg7 4.e4 d6 5.d4 O-O 6.Be2 e5 7.O-O Nbd7 8.Be3 Re8
9.d5 Ng4 10.Bg5 f6 11.Bh4 Nf8 12.Nd2 Nh6 13.b4 g5 14.Bg3 f5 15.exf5 Bxf5
16.Nde4 Ng6 17.c5 Nf4 18.Bc4 Nf7 19.Rc1 h5 20.Bb5 Re7 21.Re1 h4 22.Bxf4 exf4
23.Bd3 Re5 24.Rc2 Qe7 25.Rce2 h3 26.f3 g4 27.Nf2 Bxd3 28.Qxd3 Rxe2 29.Qxe2 Qxe2
30.Nxe2 gxf3 31.gxf3 Ng5 32.Rd1 Nxf3+ 33.Kh1 Be5 34.Nxh3 Rf8 35.Rf1 Nd2 36.Rg1+ Kh8
37.Rg4 f3 38.Ng3 Bxg3 39.hxg3 f2 40.Rh4+ Kg7 41.Rg4+ Kh6 42.Rh4+ Kg6 43.Rg4+  1/2-1/2

[Event "AUT-chT2W 9798"]
[Site "Austria"]
[Date "1998.??.??"]
[Round "10"]
[White "Hackbarth, Wolfgang"]
[Black "Eiler, Gebhard"]
[Result "1/2-1/2"]
[WhiteElo "2185"]
[BlackElo "2075"]

1.c4 Nf6 2.d4 g6 3.Nc3 Bg7 4.e4 d6 5.Nf3 O-O 6.Be2 e5 7.O-O Na6 8.d5 Nc5
9.Qc2 a5 10.b3 Bd7 11.Ne1 Ne8 12.Be3 b6 13.Nd3 f5 14.f3 f4 15.Bxc5 bxc5 16.a3 g5
17.b4 axb4 18.axb4 Rxa1 19.Rxa1 cxb4 20.Nxb4 Qb8 21.Nd3 h5 22.Qb2 Qxb2 23.Nxb2 Nf6
24.Nd3 Rc8 25.Ra7 Bf8 26.Kf1 c6 27.dxc6 Bxc6 28.Nb4 Be8 29.Nbd5 Nxd5 30.exd5 Bg6
31.Nb5 Bf5 32.Ke1 g4 33.Kd2 e4 34.Nd4 e3+ 35.Ke1 gxf3 36.gxf3 Bh3 37.Bd3 Bg7
38.Nc6 Bc3+ 39.Ke2 Bf6 40.Bh7+ Kh8 41.Bg6 h4 42.Bb1 Re8 43.Bd3 Kg8  1/2-1/2

[Event "AUT-chT2W 9798"]
[Site "Austria"]
[Date "1998.??.??"]
[Round "11"]
[White "Kleissl, Helmut"]
[Black "Hanel, Reinhard"]
[Result "1/2-1/2"]
[WhiteElo "2275"]
[BlackElo "2330"]

1.c4 g6 2.Nc3 Bg7 3.d4 d6 4.Nf3 Nf6 5.e4 O-O 6.Be2 e5 7.dxe5 dxe5 8.Qxd8 Rxd8
9.Bg5 Re8 10.Nd5 Nxd5 11.cxd5  1/2-1/2

[Event "AUT-chT 9899"]
[Site "AUT"]
[Date "1998.??.??"]
[Round "?"]
[White "Duer, Arne"]
[Black "Weinzettl, Ernst"]
[Result "1-0"]
[WhiteElo "2380"]
[BlackElo "2410"]

1.c4 Nf6 2.Nf3 g6 3.Nc3 Bg7 4.e4 d6 5.d4 O-O 6.Be2 e5 7.dxe5 dxe5 8.Qxd8 Rxd8
9.Bg5 Re8 10.O-O-O Na6 11.Ne1 Nc5 12.f3 c6 13.Be3 Bf8 14.Nc2 Ne6 15.Na4 Nd7
16.Rd2 Ndc5 17.Nc3 a5 18.b3 Be7 19.h4 h5 20.g3 Kg7 21.Kb2 a4 22.b4 a3+ 23.Nxa3 Na4+
24.Nxa4 Bxb4 25.Bd1 Bxa3+ 26.Kxa3 b5 27.cxb5 cxb5 28.Rd5 bxa4 29.Rxe5 Bb7
30.Rb5 Red8 31.Re1 Rd3+ 32.Kb4 Bc6 33.Rb6 Be8 34.Bc2 Rdd8 35.Rd1 Rdc8 36.Bd3 Nd8
37.Rc1 Nc6+ 38.Ka3 Rd8 39.Rc3 Ne5 40.Be2 Kg8 41.Bf4 Ra5 42.Ra6 Rxa6 43.Bxa6 f6
44.Bxe5 fxe5 45.Rc8 Rxc8 46.Bxc8 Kg7 47.Kb4 Kf6 48.Ba6  1-0

[Event "AUT-chT 9899"]
[Site "AUT"]
[Date "1998.??.??"]
[Round "?"]
[White "Lipinsky, Fabian"]
[Black "Popovic, Petar"]
[Result "1-0"]
[WhiteElo "2395"]
[BlackElo "2525"]

1.d4 Nf6 2.c4 g6 3.Nc3 Bg7 4.e4 d6 5.Nf3 O-O 6.Be2 e5 7.O-O c6 8.d5 Na6 9.Re1 Bd7
10.Bf1 c5 11.Bg5 h6 12.Bd2 Nc7 13.g3 Nce8 14.Rb1 b6 15.b4 cxb4 16.Rxb4 Nc7
17.Rb3 Na6 18.Ra3 Nc5 19.Qb1 a6 20.Be2 Qc7 21.Kg2 Rfc8 22.Ng1 Rf8 23.Nf3 Kh7
24.Nh4 Ng8 25.Kg1 Ne7 26.Bd1 Kh8 27.Ng2 f5 28.Bc2 g5 29.exf5 Nxf5 30.Ne2 Rae8
31.Ne3 Nd4 32.Nxd4 exd4 33.Ng2 Bh3 34.Bg6 Rxe1+ 35.Qxe1 Nd7 36.Qe4 Qxc4 37.g4 Bxg2
38.Kxg2 Ne5 39.Bf5 b5 40.Rh3 d3  1-0

[Event "AUT-chT 9899"]
[Site "AUT"]
[Date "1998.??.??"]
[Round "?"]
[White "Danner, Georg"]
[Black "Videki, Sandor"]
[Result "1/2-1/2"]
[WhiteElo "2385"]
[BlackElo "2430"]

1.d4 Nf6 2.Nf3 g6 3.c4 Bg7 4.Nc3 O-O 5.e4 d6 6.Be2 e5 7.d5 a5 8.Be3 Na6 9.Nd2 Ne8
10.O-O Bf6 11.f3 Bg5 12.Bf2 f5 13.a3 Nc5 14.Nb3 b6 15.Rb1 Nxb3 16.Qxb3 Bd7
17.Qc2 a4 18.exf5 gxf5 19.Bd3 Kh8 20.Rbe1 Qf6 21.Be3 Bxe3+ 22.Rxe3 f4 23.Re2 Qh4
24.Ne4 Rg8 25.g4 h5 26.h3 Ng7 27.Rh2 Nf5 28.Qf2 Qxf2+ 29.Kxf2 Ne3 30.Rg1 Raf8
31.Nc3 h4 32.Rc1 Ra8 33.Rhh1 Be8 34.Rhe1 Bg6 35.Bxg6 Rxg6 36.Nd1 Nxd1+ 37.Rexd1 Ra5
38.Ke2 Rg8 39.Kd3 Kg7 40.Rc3 Kf6 41.Kc2 Rga8 42.Rb1 Rc5 43.b4 axb3+ 44.Rbxb3 Raa5
45.Rb4 b5 46.Rxb5 Raxb5 47.cxb5 Rxb5 48.Rxc7 Rxd5 49.Rc4 Ra5 50.a4 Ra6 51.Kd3 Ke6
52.Rb4 d5 53.Kc3 Kd6 54.Kd3 Kc6 55.g5 Kd7 56.Rb7+ Ke6 57.g6 Rxa4 58.g7 Ra3+
59.Ke2 Ra2+ 60.Kf1 Ra8 61.Rb6+ Kf5 62.Rd6 d4 63.Rh6 Rg8 64.Rxh4 Rxg7 65.Rh8 Ra7
66.h4 Ra1+ 67.Kf2 Ra2+ 68.Ke1 Rh2 69.Rh6 Rh3 70.Kf2 Rh2+ 71.Ke1 Rg2 72.Rh8 Kf6
73.Kf1  1/2-1/2

[Event "AUT-chT 9899"]
[Site "AUT"]
[Date "1998.??.??"]
[Round "?"]
[White "Schneider Zinner, Harald"]
[Black "Weissenbeck, Manuel"]
[Result "1-0"]
[WhiteElo "2245"]
[BlackElo "2195"]

1.d4 Nf6 2.Nf3 g6 3.c4 Bg7 4.Nc3 O-O 5.e4 d6 6.Be2 e5 7.d5 a5 8.Bg5 h6 9.Bh4 Na6
10.Nd2 Bd7 11.O-O Qe8 12.b3 Nh7 13.f3 f5 14.a3 f4 15.b4 axb4 16.axb4 h5 17.Bf2 g5
18.c5 Nxb4 19.Qb3 dxc5 20.Bxc5 Na6 21.Bxf8 Bxf8 22.Qxb7 Bc5+ 23.Kh1 Bb6 24.Rxa6 Rb8
25.Rxb6 Rxb7 26.Rxb7 g4 27.Rfb1 Nf8 28.Bb5 g3 29.h3 Qc8 30.Bxd7 Nxd7 31.d6 cxd6
32.Nd5  1-0

[Event "AUT-chT 9899"]
[Site "AUT"]
[Date "1998.??.??"]
[Round "?"]
[White "Titz, Heimo"]
[Black "Laube, Bernhard"]
[Result "1-0"]
[WhiteElo "2310"]
[BlackElo "2280"]

1.c4 Nf6 2.Nc3 g6 3.e4 d6 4.d4 Bg7 5.Be2 O-O 6.Nf3 e5 7.Be3 Nc6 8.d5 Ne7
9.Nd2 c5 10.O-O Ne8 11.Rb1 f5 12.f3 f4 13.Bf2 g5 14.b4 b6 15.bxc5 dxc5 16.a4 Nd6
17.a5 Rf6 18.Qb3 Nb7 19.axb6 axb6 20.Rb2 Bd7 21.Rfb1 Nc8 22.Qd1 Bf8 23.Ra1 Rb8
24.Ra6 h5 25.Qb1 Qe8 26.h3 Rg6 27.Nf1 g4 28.fxg4 hxg4 29.Bxg4 Bxg4 30.hxg4 Nbd6
31.Qd3 Rxg4 32.Nh2 Rg7 33.Nf3 Qg6 34.Bh4 Nf7 35.Qe2 Qh6 36.Nb5 Rg4 37.Be1 Bg7
38.Nc7 Ng5 39.Nxg5 Qxg5 40.Ne6 Qg6 41.Nxc5 Nd6 42.Rbxb6 Rxb6 43.Rxb6 Bf8
44.Nd7 f3 45.Qxf3 Rxe4 46.Qg3  1-0

[Event "AUT-chT2O 9899"]
[Site "AUT"]
[Date "1998.??.??"]
[Round "1"]
[White "Milanollo, Mario"]
[Black "Petzer, Reinhard"]
[Result "0-1"]
[WhiteElo "2105"]
[BlackElo "2135"]

1.d4 Nf6 2.Nf3 g6 3.c4 Bg7 4.Nc3 O-O 5.e4 d6 6.Be2 Nbd7 7.O-O e5 8.dxe5 dxe5
9.Qc2 c6 10.b4 Qe7 11.a3 Re8 12.Rd1 Nf8 13.Be3 Ne6 14.Nxe5 Nxe4 15.Qxe4 f5
16.Nxc6 bxc6 17.Qd3 f4 18.Bc5 Nxc5 19.bxc5 Bf5  0-1

[Event "Avoine op"]
[Site "Avoine"]
[Date "1998.??.??"]
[Round "?"]
[White "Nevednichy, Vladislav"]
[Black "Tirard, Hugo"]
[Result "1-0"]
[WhiteElo "2550"]
[BlackElo "2380"]

1.d4 Nf6 2.Nf3 g6 3.c4 Bg7 4.Nc3 O-O 5.e4 d6 6.Be2 e5 7.d5 a5 8.Bg5 h6 9.Bh4 Na6
10.O-O Qe8 11.Nd2 Nh7 12.Kh1 Bd7 13.b3 h5 14.f3 Bh6 15.a3 Qb8 16.Qc2 Qa7
17.Rae1 f5 18.exf5 Bxf5 19.Nde4 Kg7 20.Bd3 Qb8 21.Qb2 b6 22.b4 axb4 23.axb4 Rf7
24.Rb1 g5 25.Bf2 g4 26.fxg4 Bxg4 27.h3 Bf5 28.Qe2 Qc8 29.Bh4 Bf4 30.Qxh5 Qd7
31.Qf3 Rh8 32.Ne2 Rhf8 33.Nxf4 exf4 34.c5 Nb8 35.c6 Qc8 36.b5 Bg6 37.Rbe1 Re8
38.Nd2 Nf8 39.Rxe8 Qxe8 40.Re1 Qc8 41.Bf2 Bxd3 42.Qxd3 Ng6 43.Bd4+ Kh6 44.Re6 Qg8
45.Ne4 Re7 46.Nf6 Qf7 47.Qf5  1-0

[Event "Bayern-ch Bank Hofmann 2nd"]
[Site "Bad Wiesse"]
[Date "1998.??.??"]
[Round "3"]
[White "Khenkin, Igor"]
[Black "Medancic, Rikard"]
[Result "1-0"]
[WhiteElo "2600"]
[BlackElo "2330"]

1.d4 Nf6 2.c4 g6 3.Nc3 Bg7 4.e4 d6 5.Nf3 O-O 6.Be2 e5 7.O-O Nbd7 8.Qc2 Re8
9.d5 Rf8 10.Rb1 h6 11.b4 Nh7 12.g3 Qe7 13.c5 Ndf6 14.a4 Bh3 15.Rd1 Ng4 16.Nh4 dxc5
17.f3 Ngf6 18.Ba3 Nd7 19.bxc5 b6 20.d6 cxd6 21.Nd5 Qd8 22.cxd6 Ng5 23.Ne7+ Kh7
24.Qc7 Ne6 25.Qxd8 Rfxd8 26.Bc4 Bf8 27.Bd5 Rab8 28.Nc6 Bg7 29.Nxb8 Nxb8 30.Kf2 h5
31.g4 Nf4 32.Kg3 Bf8 33.Bc1 g5 34.Nf5 h4+ 35.Kf2 Bxd6 36.Nxd6 Rxd6 37.Ba3 Rd7
38.Rbc1 Na6 39.Bc4 Nb8 40.Bd6 Rb7 41.Bd5 Nxd5 42.exd5 Nd7 43.Rc6  1-0

[Event "Bayern-ch Bank Hofmann 2nd"]
[Site "Bad Wiesse"]
[Date "1998.??.??"]
[Round "5"]
[White "Zenker, Ulrich"]
[Black "Marquardt, Christian"]
[Result "1/2-1/2"]
[WhiteElo "2220"]
[BlackElo "2070"]

1.Nf3 Nf6 2.d4 g6 3.c4 Bg7 4.Nc3 O-O 5.e4 d6 6.Be2 e5 7.d5 a5 8.O-O Na6 9.Bd2 Nc5
10.Qc2 Nh5 11.Bg5 f6 12.Bh4 Nf4 13.Ne1 h5 14.f3 Bh6 15.Bf2 g5 16.Nd3  1/2-1/2

[Event "Hessen-ch"]
[Site "Bad Wildungen"]
[Date "1998.??.??"]
[Round "4"]
[White "Solonar, Stephan"]
[Black "Alber, Horst"]
[Result "0-1"]
[WhiteElo "2315"]
[BlackElo "2315"]

1.c4 Nf6 2.Nc3 g6 3.e4 d6 4.d4 Bg7 5.Nf3 O-O 6.Be2 e5 7.O-O Nbd7 8.Qc2 c6
9.Rd1 Qe7 10.d5 cxd5 11.cxd5 Ne8 12.Ne1 f5 13.f3 Ndf6 14.Nd3 f4 15.Bd2 g5
16.Nf2 h5 17.h3 Rf7 18.a4 Bf8 19.Rdc1 Rg7 20.Qd1 Rg6 21.Nb5 a6 22.Na3 g4
23.fxg4 hxg4 24.hxg4 Qg7 25.Rc2 Nxg4 26.Nxg4 Bxg4 27.Bxg4 Rxg4 28.Be1 Nf6
29.Qf3 Qg6 30.Rc4 b5 31.axb5 axb5 32.Rb4 Ra4 33.Rxa4 bxa4 34.Nb5 Nxe4 35.Rxa4 Nc5
36.Ra8 Nd3 37.Bc3 Rg3  0-1

[Event "Hessen-ch"]
[Site "Bad Wildungen"]
[Date "1998.??.??"]
[Round "9"]
[White "Solonar, Stephan"]
[Black "Zude, Erik"]
[Result "1/2-1/2"]
[WhiteElo "2315"]
[BlackElo "2360"]

1.c4 Nf6 2.Nc3 g6 3.e4 d6 4.d4 Bg7 5.Nf3 O-O 6.Be2 e5 7.O-O Na6 8.Re1 c6
9.Bf1 Bg4 10.d5 Nb4 11.Be2 a5 12.Be3 cxd5 13.cxd5 Nh5 14.a3 Na6 15.Nd2 Bxe2
16.Qxe2 Nf4 17.Qb5 f5 18.Bxf4 exf4 19.Nf3 g5 20.e5 g4 21.e6 Qe7 22.Nd2 Nc5
23.Ne2 Be5  1/2-1/2

[Event "Bad Wildungen op"]
[Site "Bad Wildungen"]
[Date "1998.??.??"]
[Round "10"]
[White "Domanski, Markus"]
[Black "Kopp, Peter"]
[Result "0-1"]
[WhiteElo "2135"]
[BlackElo "2155"]

1.d4 Nf6 2.c4 g6 3.Nc3 Bg7 4.e4 d6 5.Nf3 O-O 6.Be2 e5 7.O-O Nbd7 8.Re1 c6
9.Bf1 Re8 10.d5 c5 11.g3 Rf8 12.a3 Ne8 13.b4 a5 14.bxc5 Nxc5 15.Na4 Bd7 16.Nxc5 dxc5
17.Rb1 Nd6 18.Qb3 Ra6 19.Bd2 a4 20.Qb2 f6 21.Nh4 b6 22.Bc3 g5 23.Ng2 g4 24.Bd3 Bh6
25.Kh1 Qe8 26.f4 gxf3 27.Nh4 Qh5 28.Qf2 Bg4 29.Rf1 f5 30.Nxf5 Rxf5 31.exf5 e4
32.Rfe1 exd3 33.Re6 Bf8 34.Rbe1 Ra8 35.Qe3 Nxc4 36.Rg6+ Qxg6 37.Qxd3 Qxf5
38.Qxc4 b5  0-1